| 000 | 00666nam a2200241 a 4500 | ||
|---|---|---|---|
| 001 | nice12345678 | ||
| 003 | IN_TiNIC | ||
| 005 | 20260116015044.0 | ||
| 008 | 050524s1998 dela grp 000 0 eng | ||
| 020 |
_a8172142 _c65 |
||
| 082 | 0 | 0 |
_a211.6 _bGRE |
| 100 | _aGregorios, Paulos Mar | ||
| 245 |
_aSecular Ideology _b an Impotent Remedy for India`s Communal Problem. |
||
| 260 |
_aDelhi _bISPCK _c1998 |
||
| 300 | _a98p | ||
| 500 | _aincludes index and biblioraphy | ||
| 505 | 2 | _aTeaching and Tites of Islam According to the Text. | |
| 650 | _aSecularism | ||
| 700 | 1 | _aGregorios, Paulos Mar | |
| 902 | _bSRS | ||
| 942 | _cBK | ||
| 999 |
_c18128 _d18128 |
||